| 000 | 00705cam a2200301ua 4500 | ||
|---|---|---|---|
| 020 | _c2.25 | ||
| 041 |
_aeng _h |
||
| 082 |
_a516.05 _bRAJ/PR |
||
| 100 | _aRajaraman, s . | ||
| 245 |
_aPractical plane geometry / _cS.Rajaraman. _hTextual Documents |
||
| 250 |
_a5 / _b. |
||
| 260 |
_aTrivandrum : _bThe St.Joseph Press , _c1962. |
||
| 300 | _a114 ; . | ||
| 365 | _a2.25 | ||
| 504 | _a | ||
| 942 | _cBK | ||
| 999 |
_c3006 _d3006 |
||